000 00432nam a2200133Ia 4500
008 100328s9999 xx 000 0 und d
082 _b17527
100 _aशर्मा लक्ष्मीनारायण
245 _aसंयम और सेक्स
260 _bशिक्षा भारती
630 _aसंयम और सेक्स
730 _aसंयम और सेक्स
942 _cBOOK
999 _c512092
_d512089